000 00578nam a2200181 i 4500
001 90940
003 ES-MaACL
005 20250816062401.0
007 t|
008 050126s1930 fr ||||1| fre d
100 1 _aLemierre, A.
_971474
245 1 4 _aLes endocardites infectieuses
_b: diagnostic et traitements /
_cpar A. Lemierre & P.N. Duchamps.
260 _a[S.l. :
_bs.n.,
_c1930] (
_eTours :
_fArrault et Cie.)
300 _a72 p. ;
_c27 cm.
700 1 _aDeschamps, Pierre-Noël,
_d1891-1962
_945816
852 _aES-MaACL
_j1824-F-6
999 _c90940
_d90940